Loading...
Auditory Arts | 6 | 20.00 | 100% | 67% | 33% |
Beliefs | 9 | 16.67 | 89% | 67% | 11% |
Current Events | 4 | 17.50 | 100% | 75% | 0% |
Fine Arts - Other Arts | 6 | 18.33 | 100% | 67% | 17% |
History - American History | 5 | 14.00 | 80% | 60% | 0% |
History - Ancient History | 3 | 13.33 | 100% | 0% | 33% |
History - European History | 4 | 12.50 | 75% | 50% | 0% |
History - Other History | 2 | 15.00 | 100% | 50% | 0% |
History - World History | 6 | 16.67 | 100% | 67% | 0% |
Literature - American Literature | 7 | 21.43 | 100% | 86% | 29% |
Literature - British Literature | 6 | 21.67 | 100% | 83% | 33% |
Literature - European Literature | 6 | 21.67 | 100% | 83% | 33% |
Literature - World Literature | 6 | 18.33 | 100% | 83% | 0% |
Other Academic | 1 | 10.00 | 100% | 0% | 0% |
Philosophy | 5 | 14.00 | 80% | 60% | 0% |
Science - Biology | 3 | 13.33 | 100% | 33% | 0% |
Science - Chemistry | 6 | 13.33 | 100% | 17% | 17% |
Science - Other Science | 5 | 18.00 | 100% | 60% | 20% |
Science - Physics | 6 | 15.00 | 100% | 50% | 0% |
Social Science | 5 | 22.00 | 100% | 80% | 40% |
Visual Arts | 7 | 12.86 | 100% | 14% | 14% |